Mastering Blockchain

Shranjeno v:
Bibliografske podrobnosti
Glavni avtor: Imran Bashir
Format: Knjiga
Izdano: Packt
Teme:
Oznake: Označite
Brez oznak, prvi označite!

MARC

LEADER 00000nam a2200000Ia 4500
005 20260427112638.0
526 |b FinTech 
100 |a Imran Bashir 
020 |a 9781803241067 
650 |a Blockchain 
526 |a Masters 
942 |c BK 
245 |a Mastering Blockchain 
260 |b Packt 
999 |c 2  |d 2 
952 |0 0  |1 0  |4 0  |7 0  |8 3  |a BRISTOL  |b BRISTOL  |d 2026-04-22  |l 0  |p 000085  |r 2026-04-27 11:26:38  |w 2026-04-27  |y BK